000
00245pab a2200109 454500
008
180718b xxu||||| |||| 00| 0 eng d
100
_a
Narayanan, M.K.
245
_a
New challenges to policing
650
_a
Police
773
_a
Hindu
909
_a
23490
999
_c
23490
_d
23490